Multiple Choice City Quiz – Isiro - Statistics

General Stats
  • This quiz has been taken 8 times
  • The average score is 3 of 10
Answer Stats
Question Answer % Correct
Which of these universities is located in Isiro? University of Uélé
71%
What rescue operation took place in Isiro on November 26th 1964? Dragon Noir
43%
Isiro is the capital of what province in the DRC? Haut-Uélé
43%
Which language spoken by an ethnolinguistic group which once practiced head-binding is spoken near Isiro? Mangbetu
29%
What is the main language spoken in Isiro? Zande
29%
What mendicant order operated the above university? Dominican Order
14%
What airport serves Isiro? Matari Airport
14%
What was Isiro's former name? Paulis
14%
What rebellion took over Isiro and much of the DRC from 1963-1965? Simba
14%
The Roman Catholic Diocese of Isiro and what other city is located here? Niangara
0%
No matching quizzes found
Score Distribution
Percent of People with Each Score
Percentile by Number Answered
Your Score History
You have not taken this quiz